Leonardo Da Vinci (Registo nº 3423)

Detalhes MARC
000 -Etiqueta do registo
Cabeçalho 00862nam a22002891 4500
005 - Identificador da versão
Campo de controlo 20240813122001.0
010 ## - Número internacional normalizado dos livros (ISBN)
Número (ISBN) 9722410903
021 ## - Número do Depósito Legal
Código do país PT
Número 145015/99
100 ## - Dados gerais de processamento
Dados gerais de processamento 20050529d2000 da y0pory5003 ba
102 ## - Pais de publicação ou produção
País de publicação Portugal
101 1# - Língua de publicação
Língua do texto, banda sonora, etc. Português
Língua do documento no original Italiano
106 ## - Campo de dados codificados: material textual
Dados codificados do material textual r
105 ## - Campo de dados codificados: livros
Dados codificados dos livros a z 000fd
215 ## - Descrição física 
Indicação específica da natureza do documento e extensão da espécie [36] p.
Outras indicações físicas il.
Dimensões 32 cm
200 1# - Titulo e menção de responsabilidade
Título próprio Leonardo Da Vinci
Primeira menção de responsabilidade texto de Guido Visconti
Outras menções de responsabilidade il. Bimba Landmann
-- trad. Manuela Pessoa
210 ## - Publicação, Distribuição, etc. 
Lugar da edição, distribuição, etc. Lisboa
Nome do editor, distribuidor, etc. Livros Horizonte
Data da publicação, distribuição, etc. 2000
304 ## - Notas relativas a título e menção de responsabilidade 
Texto da nota Tít. orig.: Quel genio di Leonardo
606 ## - Nome comum usado como assunto
Número de registo de entrada de autoridade 0000015
Palavra de ordem Literatura estrangeira infanto-juvenil
Subdivisão de assunto Conto
675 ## - Classificação Decimal Universal (CDU)
Notação 82-34
Edição
Língua da edição por
702 #1 - Nome de autor-pessoa física (responsabilidade secundária)
Número de registo de entrada de autoridade 0000542
Palavra de ordem Landmann
Outra parte do nome não tomada para palavra de ordem Bimba
Código de função Ilustrador / Técnico de desenho computorizado
Número de registo de entrada de autoridade 0000171
Palavra de ordem Pessoa
Outra parte do nome não tomada para palavra de ordem Manuela
Código de função Tradutor
700 #1 - Nome de autor-pessoa física (responsabilidade principal)
Número de registo de entrada de autoridade 0002737
Palavra de ordem Visconti
Outra parte do nome não tomada para palavra de ordem Guido
942 ## - Elementos de entrada adicionados (Koha)
Tipo de item no Koha Livro
Exemplares
Situação do levantamento Origin of item (home branch) (coded) Biblioteca de empréstimo Código de barras Cota Circulation type (not for loan) Tipo de documento Nota do exemplar Damaged status
  Biblioteca Escolar da Coca Maravilhas Biblioteca Escolar da Coca Maravilhas BECM7046/05 8EST VIS   Livro Sem mensagem